000
00398nam a22001697a 4500
003
MPLRDC
005
20220104143443.0
008
210129b ||||| |||| 00| 0 eng d
082
_a
177 YSY
100
_a
杨宗义,邱曼君编著
245
_a
通俗心理学
_c
250
_a
一版一刷
260
_a
_b
四川人民出版社
_c
1983
300
_b
平
650
_a
942
_c
BK
_o
177 YSY
999
_c
40074
_d
40064